01227 a2200205 45000010006000000050017000060080041000230030015000640400040000790800034001192450050001530200018002032640032002213000019002535050554002720410008008261000024008347000023008588560140008812926620260407155601.0260407a1984 arg spa dAR-UNSa-BCEJYS aAR-UNSa-BCEJYSbspacAR-UNSa-BCEJYS a657(083.74)xNormas Contables10aPrincipios y normas contables en la Argentina a950-9109-27-4 1aBuenos Aires :bTesisc1984 a445 p.c22 cm. aParte I: Los problemas fundamentales: 1. Los alcances del problema - 2. Contabilidad y estados contables - 3. Los sujetos involucrados - 4. Los principios y normas contables -- Parte II: El aspecto institucional: 5. Quiénes elaboran los principios y normas contables - 6. Quiénes ponen en vigencia normas contables -- Parte III: Principios y normas vigentes: 7. Principios y normas contables de valuación - 8. Principios y normas contables -- Parte IV: Opinión de los autores: 9. Opinión de los autores -- Parte V: Respuestas a los autores aspa1 aGarcía, Sergio O.1 aMattera, Miguel A.41uhttps://biblioeco.unsa.edu.ar/pmb/images/libros/Principios y Normas Contables en la Argentina-l44297.jpgyImagen de portadaqimage/jpeg